[Event "Norwood Centenary"]
[Site "Norwood"]
[Date "1990.04.14"]
[Round "2.2"]
[White "Condon, Robert F"]
[Black "Speck, Nicholas S"]
[Result "0-1"]
[WhiteElo "1745"]
[BlackElo "1905"]
[PlyCount "34"]
[EventDate "1990.04.14"]
[EventType "swiss"]
[EventRounds "6"]
[EventCountry "AUS"]

1. e4 Nf6 2. e5 Nd5 3. d4 d6 4. c4 Nb6 5. f4 dxe5 6. fxe5 Nc6 {
Alekine's Defence [Four Pawns' Attack]} 7. c5 (7. Nf3 Bg4 8. Be3 e6 9. h3 Bxf3
10. gxf3 Be7 11. Be2 Bh4+ 12. Kf1 f6 13. c5 Nd5 14. Bg1 fxe5 15. Nc3 exd4 16.
Bxd4 Nxd4 17. Qxd4 Bf6 18. Qa4+ c6 19. Nxd5 exd5 20. h4 Qc7 21. Rb1 Kf7 {
Mozsar,L-Horvath,L/Balatonbereny opB 1996/EXP 53/0-1 (39)}) 7... Nd5 8. Bb5
$146 (8. Nf3 Bf5 9. a3 e6 10. Nc3 Be4 11. Bb5 Bxf3 12. Qxf3 Qh4+ 13. Qf2 Qxf2+
14. Kxf2 Nde7 15. Bg5 Nf5 16. Rad1 h5 17. b4 Be7 18. Bxe7 Kxe7 19. d5 Nxe5 20.
Rhe1 Ng4+ 21. Kg1 Rad8 22. dxe6 Rxd1 23. Rxd1 c6 24. Bc4 fxe6 25. Re1 Nd4 26.
Ne2 Nc2 27. Rc1 Nge3 28. Nf4 Rh6 29. Bd3 Nd4 30. Re1 Nec2 31. Rc1 g5 32. Ne2
Nxe2+ 33. Bxe2 Nd4 34. Bc4 Rf6 35. a4 a6 36. Rb1 Rf4 37. Bd3 e5 38. b5 axb5 39.
axb5 Ne6 40. bxc6 bxc6 41. Rb7+ Kd8 42. Rb6 Kc7 43. Be2 Nxc5 {
0-1 Skok,J-Zelcic,R/Bled op 1993/TD 93\04 (43)}) 8... Bd7 {
Black begins to deal mighty blows} 9. Bc4 Bf5 10. Nc3 $4 $19 {
White has let it slip away} (10. Nf3 $142 $11 {
this is the best way to fight back}) 10... Ndb4 11. d5 (11. Kf1 Nc2 $1 {the end
} (11... Qxd4 $143 12. Qxd4 Nxd4 13. Nge2 $19) (11... Nxd4 $143 12. Bg5 $17)
12. Rb1 Qxd4 (12... N6xd4 $6 13. g4 Bg6 14. Kg2 $17) 13. Qxd4 N2xd4 $19 (13...
N6xd4 $6 14. b4 $17)) 11... Nc2+ 12. Kf2 e6 (12... Nxe5 $142 {and Black wins}
13. Rb1 Nxc4 $19) 13. dxc6 Qh4+ $1 {a painful check} 14. g3 {
Threatening mate... how?} Bxc5+ $1 {the decision} 15. Kg2 Qxc4 16. Qd7+ $2 (16.
cxb7 $142 Rb8 17. Rb1 $19) 16... Kf8 {The mate threat is Ne1} 17. cxb7 $4 {
the pressure is too much, White crumbles} (17. Nf3 b5 $1 {takes home the point}
18. Rd1 Nxa1 19. Bg5 $19) 17... Ne1# 0-1

[Event "Norwood Centenary"]
[Site "Norwood"]
[Date "1990.04.14"]
[Round "2.3"]
[White "Sykes, Alexander"]
[Black "Steffensen, Dennis A"]
[Result "1/2-1/2"]
[WhiteElo "1890"]
[BlackElo "1685"]
[PlyCount "90"]
[EventDate "1990.04.14"]
[EventType "swiss"]
[EventRounds "6"]
[EventCountry "AUS"]

1. d4 Nf6 2. c4 g6 3. Nc3 d5 4. Bf4 Bg7 5. e3 O-O 6. Qb3 c6 7. Nf3 Qa5 {
Grunfeld Defence [Classical System]} 8. Bd3 (8. Rc1 Nbd7 9. cxd5 Nxd5 10. Bg3
N7f6 11. Nd2 b6 12. Nc4 Qb4 13. Qd1 b5 14. a3 Nxc3 15. bxc3 Qa4 16. Qxa4 bxa4
17. Nb2 Ne4 18. Bc7 Be6 19. Bd3 Nd6 20. Nxa4 Nb5 21. Bg3 Nxa3 22. c4 Rab8 23.
Bxb8 Rxb8 24. O-O Rb4 25. Nc5 Bxc4 26. Rc3 Bxd3 27. Nxd3 {
1-0 Vigh,B-Jankovits,I/Zalakaros op 1996/EXP 52 (27)}) 8... Nbd7 (8... dxc4 9.
Bxc4 b5 10. Bxf7+ Rxf7 11. Bxb8 Rxb8 12. Ne5 e6 13. Nxc6 Qb6 14. Nxb8 Qxb8 15.
Qxb5 Qd6 16. Qe2 Ba6 17. Qd2 Nd5 18. Ne4 Qb6 19. a3 Rc7 20. Rc1 Rxc1+ 21. Qxc1
Bxd4 22. exd4 Qxd4 23. f3 Qd3 24. Ng3 Ne3 25. Kf2 Nc4 26. Rd1 Nxb2 27. Rd2 {
1-0 Illescas Cordoba,M-Alawieh,A/Sevilla op 1992/[Ftacnik] (27)}) 9. O-O dxc4
10. Bxc4 e6 $14 {Prevents intrusion on d5} (10... Qb6 11. Rac1 Qxb3 12. Bxb3
Nb6 13. e4 Bg4 14. Ne5 Rad8 15. Bg5 Bc8 16. Rfd1 Nbd7 17. Nxd7 Rxd7 18. e5 Nd5
19. Nxd5 cxd5 20. Ba4 b5 21. Bxb5 Rb7 22. Ba6 Rb8 23. Bxc8 Rbxc8 24. b3 e6 25.
Rxc8 {Winkler,G-Kos,E/OLWuert 1988/GER 01/1-0 (41)}) (10... Nb6 11. Bc7 Ne8 12.
Be5 $11) 11. Rfd1 Nd5 12. Bg3 N7f6 13. Rac1 Nxc3 14. bxc3 Ne4 15. Be5 Bxe5 16.
Nxe5 Nd6 17. Bd3 c5 18. Bb1 Qc7 19. e4 c4 20. Qc2 b5 21. Qd2 Bb7 22. Re1 Rad8
23. Ng4 f5 24. exf5 exf5 25. Ne5 {A classical outpost} Be4 26. f3 Bxb1 27. Rxb1
a6 28. Re2 Nf7 29. Rbe1 Rfe8 30. Qf4 Nxe5 31. Rxe5 ({Worse is} 31. dxe5 Rd3 $15
) 31... Rxe5 {Threatening mate: Rxe1} 32. Rxe5 Qf7 33. Qe3 Kf8 34. Kf2 $11 (34.
Re6 Re8 35. d5 Rxe6 36. dxe6 Qc7 $15) 34... Re8 $14 (34... f4 $5 {is noteworthy
} 35. Qc1 Qf6 $14) 35. Rxe8+ Qxe8 36. Qxe8+ Kxe8 37. Ke3 Kd7 38. d5 Kd6 39. Kd4
h6 40. g3 g5 41. g4 $11 (41. h3 $5 $14) 41... f4 42. h3 a5 43. a3 a4 44. Ke4
Kd7 45. Kd4 Kd6 1/2-1/2

[Event "Norwood Centenary"]
[Site "Norwood"]
[Date "1990.04.14"]
[Round "2.4"]
[White "Hoff, Gregory A"]
[Black "Lee, Simon"]
[Result "1-0"]
[WhiteElo "1670"]
[BlackElo "1855"]
[PlyCount "61"]
[EventDate "1990.04.14"]
[EventType "swiss"]
[EventRounds "6"]
[EventCountry "AUS"]

1. e4 d5 2. exd5 Qxd5 3. Nc3 Qd6 4. Bc4 Nf6 5. Nf3 {
Scandinavian Defence [Centre Counter]} Bg4 (5... a6 6. d4 b5 7. Bb3 Bb7 8. Ne5
e6 9. Bf4 Nc6 10. Ng6 Qxd4 11. Qxd4 Nxd4 12. Nxh8 Bxg2 13. Rg1 Nf3+ 14. Ke2
Nd4+ 15. Ke1 Nf3+ 16. Ke2 Nd4+ 17. Ke1 {
1/2-1/2 Tzermiadianos,A-Georgiev,K/Katerini op 1992/EXP 32 (17)}) 6. O-O $146 (
6. h3 Bxf3 7. Qxf3 Nc6 8. Bb5 e6 9. Bxc6+ Qxc6 10. Qxc6+ bxc6 11. b3 Bb4 12.
Bb2 Ke7 13. O-O-O Rhd8 14. Rhe1 Rab8 15. Ne2 Ne4 16. Nd4 Nxf2 17. Nxc6+ Kf8 18.
Nxb4 Rxb4 19. Ba3 c5 20. Bxb4 cxb4 {Rechel,B-Mann,C/BL9495 1995/BL 90/0-1 (37)}
) 6... c6 {Consolidates b5} 7. Re1 e6 {Controls d5} 8. d3 {Covers e4} Be7 9.
Ne4 Nxe4 10. Rxe4 Bxf3 (10... Bf5 11. Bf4 Qd7 12. Ne5 $11) 11. Qxf3 ({
Less advisable is} 11. gxf3 Nd7 $15) 11... Bf6 12. Bf4 Qd8 13. Bxe6 $11 (13. c3
$5 $14) 13... fxe6 14. Rxe6+ Kf7 15. Rae1 Qd5 16. Qg4 h5 (16... Qxa2 $4 {
the pawn is something Black will choke on} 17. Rxf6+ gxf6 18. Qh5+ Kg8 19. Re8+
Kg7 20. Bh6#) 17. Qh3 Na6 (17... Qxa2 18. Qf5 Nd7 19. Re7+ Kg8 20. Rxd7 (20.
Qxd7 $6 Bxe7 21. Qxe7 Rf8 $11 (21... Qxb2 $4 {
the pawn is safe and cannot be captured without dire consequences} 22. Be5 Qxe5
23. Rxe5 $18)) 20... Qxb2 21. g4 $18) 18. Rd6 Qa5 $4 $18 {
Black lets it slip away} (18... Qxa2 $142 {the only rescuing move} 19. Rd7+ Kg8
20. Rxb7 Nc5 $11 (20... Bxb2 $2 {leads to nothing} 21. Qd7 Bf6 22. Rxa7 $18))
19. Rd7+ $4 $15 {White is ruining his position} (19. Qe6+ $142 {
would have given White the upper hand} Kg6 20. Re5 $18) 19... Kg6 {
Threatening mate: Qxe1} 20. Re6 Raf8 $14 (20... Rhe8 21. Qe3 (21. Rxb7 {
White again will not be able to digest the pawn} Qe1+ 22. Rxe1 Rxe1#) 21...
Rxe6 22. Qxe6 $15) 21. Qg3+ (21. Rxb7 Nc5 22. Rxf6+ gxf6 (22... Kxf6 $4 23.
Qh4+ Ke6 24. Qe7+ Kf5 25. Qg5+ Ke6 26. Re7#) (22... Rxf6 $4 23. Qg3+ Kf5 24.
Qg5+ Ke6 25. Qe5#) 23. Qg3+ Kf5 24. Qh3+ Kxf4 25. Qe3+ Kf5 26. Qh3+ Ke5 27.
Qe3+ Kf5 28. Qh3+ Kg6 29. Qg3+ Kf5 30. Qh3+ $11) 21... Kh7 22. h4 $4 $17 {
with this move White loses his initiative} (22. Rxg7+ Bxg7 23. Qg6+ Kg8 24. Re7
$16) 22... Qf5 (22... Qxa2 $4 {taking the pawn will cause Black grave problems}
23. Rxf6 $1 {the knockout punch} Qb1+ 24. Kh2 Qg1+ 25. Kxg1 Rf7 26. Qg6+ Kg8
27. Qxf7+ Kh7 28. Qxg7#) 23. Rxf6 $19 (23. Red6 Nc5 (23... Bxb2 24. Rxb7 Rf7
25. Rxb2 Qxf4 26. Qg6+ Kg8 27. Rd8+ Rf8 28. Rxf8+ Kxf8 29. Rb7 Qc1+ 30. Kh2
Qf4+ 31. Kh3 $14) 24. Rxf6 Qxf6 $17 (24... Qxd7 $143 25. Qg6+ Kg8 26. Rxf8+
Kxf8 27. Bd6+ Kg8 28. Bxc5 $16)) 23... Qxf6 $4 $18 {
stumbles just before the finish line} (23... Qxd7 $142 {
the advantage is on the side of Black} 24. Qg6+ Kg8 25. Rxf8+ Kxf8 $19) 24. Be5
$1 {the final nail in the coffin. The mate threat is Rxg7} Rf7 25. Bxf6 {
Threatening mate... how?} Rxd7 26. Qg5 {Do you see the mate threat?} g6 $4 {
terrible, but what else could Black do to save the game?} (26... Kg8 $18) 27.
Bxh8 Kxh8 28. Qh6+ Kg8 29. Qxg6+ Rg7 30. Qe8+ Kh7 31. Qxh5+ (31. Qxh5+ Kg8 32.
Qe8+ Kh7 33. Qe4+ Kh8 34. h5 $18) 1-0

[Event "Norwood Centenary"]
[Site "Norwood"]
[Date "1990.04.14"]
[Round "2.5"]
[White "MacIlwain, Robert"]
[Black "Hannagan, Peter"]
[Result "1/2-1/2"]
[WhiteElo "1850"]
[BlackElo "1650"]
[PlyCount "65"]
[EventDate "1990.04.14"]
[EventType "swiss"]
[EventRounds "6"]
[EventCountry "AUS"]

1. e4 e5 2. Nf3 Nc6 3. Bb5 {Ruy Lopez} Qf6 4. Nc3 (4. O-O Bd6 5. c3 a6 6. Ba4
h6 7. d4 b5 8. Bc2 Nge7 9. Be3 O-O 10. Nbd2 Ng6 11. Kh1 Na7 12. Re1 c6 13. Nf1
Be7 14. Ng3 d6 15. Nf5 Kh7 16. g4 Nf4 17. g5 hxg5 18. Nxg5+ Kg8 19. Bxf4 g6 20.
Be3 Bxf5 21. exf5 Kg7 22. Qg4 Rh8 23. Ne4 Qh4 24. Qxh4 Rxh4 25. dxe5 f6 26. Ng3
Rh5 27. Nxh5+ {1-0 Rubertus,W-Fassing,W/Hessen-chS Doernigheim 1994/GER 08 (27)
}) 4... Nge7 5. Bxc6 $146 (5. d3 Qg6 6. O-O d6 7. Ne1 Be6 8. f4 exf4 9. Bxf4
O-O-O 10. d4 d5 11. Bxc6 Nxc6 12. exd5 Bxd5 13. Nxd5 Rxd5 14. c3 Bd6 15. Qf3
Rf5 16. Nd3 Re8 17. Qh3 Re6 18. Bxd6 Rh5 19. Qf3 Rf6 20. Nf4 {
1-0 Krasenkow,M-Paust,W/Hamburg 1993/EXT 93op (20)}) (5. O-O h6 6. Re1 a6 7.
Ba4 b5 8. Bb3 d6 9. a4 b4 10. Nd5 Nxd5 11. Bxd5 Bd7 12. d4 Rb8 13. Be3 Nxd4 14.
Nxd4 exd4 15. Bxd4 Qg6 16. e5 Kd8 17. Ba7 Rc8 18. Bb7 Bh3 19. Re3 {
1-0 Weigel,H-Eisenhuth,M/Bad Woerishofen op 1993/TD 93\04 (19)}) 5... dxc6 {
Prevents intrusion on b5+d5} 6. d4 Ng6 7. Bg5 Qe6 8. dxe5 {
Do you see the mate threat?.} Bd7 9. Qd4 h6 10. Be3 b6 11. O-O-O Bc5 12. Qd2
Bxe3 13. Qxe3 Nxe5 14. Nxe5 Qxe5 15. f4 Qe7 16. h3 {Secures g4} b5 17. Qd4 b4
$16 (17... Rg8 18. Rhe1 $14) 18. Qxg7 $11 (18. Na4 $142 $5 f6 19. Nc5 $16)
18... O-O-O 19. Ne2 $15 (19. Qd4 bxc3 20. Qxa7 cxb2+ 21. Kb1 Qb4 $15) 19...
Rdg8 $16 (19... Qxe4 $142 $5 {and Black can hope to live} 20. Rhe1 Bf5 $15) 20.
Qd4 {Threatening mate... how?} c5 21. Qe3 Rxg2 22. e5 {White gets more space}
Bc6 23. Rhg1 Rxg1 24. Rxg1 f6 (24... Rd8 25. Kb1 $14) 25. Rg6 Bb5 (25... Qf7 $5
26. Qxc5 Qxg6 27. Qxc6 Re8 $14) 26. Rxf6 Rg8 $18 (26... Qd7 27. Qe4 Qxh3 $11)
27. Ng3 (27. Qe4 Kb8 28. c4 bxc3 29. Nxc3 Qd7 $18) 27... Qg7 28. Ne4 $11 (28.
Qf3 c6 29. Nf5 Qg1+ 30. Qd1 Qxd1+ 31. Kxd1 Rg1+ 32. Kd2 Rg2+ 33. Ke3 Rxc2 34.
e6 (34. Nxh6 $6 Re2+ 35. Kf3 Rxb2 $11) 34... Rxb2 35. Rf8+ Kc7 36. e7 Re2+ 37.
Kf3 Rxe7 38. Nxe7 $18) 28... Qg1+ 29. Qxg1 {Do you see the mate threat?} Rxg1+
30. Kd2 Rg2+ 31. Kd1 $11 (31. Ke3 $142 Rxc2 32. Rxh6 $18) 31... Rg1+ 32. Kd2
Rg2+ 33. Kd1 $11 (33. Ke3 $142 Rxc2 34. Rxh6 $18) 1/2-1/2

[Event "Norwood Centenary"]
[Site "Norwood"]
[Date "1990.04.14"]
[Round "2.6"]
[White "Clarke, Richard"]
[Black "Sremcevic, George"]
[Result "1-0"]
[WhiteElo "1625"]
[BlackElo "1825"]
[PlyCount "85"]
[EventDate "1990.04.14"]
[EventType "swiss"]
[EventRounds "6"]
[EventCountry "AUS"]

1. e4 c5 2. c3 d5 3. exd5 Qxd5 4. d4 Nf6 5. Nf3 Bg4 6. Be2 {
Sicilian Defence [Alapin Variation]} Nc6 7. c4 (7. h3 Bh5 8. c4 Qd6 9. d5 Bxf3
10. Bxf3 Nd4 11. O-O O-O-O 12. Nc3 e5 13. Be3 Kb8 14. a3 Qa6 15. Be2 Nd7 16. b4
Be7 17. Rb1 Nf5 18. Ne4 Nd4 19. bxc5 Nxc5 20. Bxd4 exd4 21. Qxd4 Nxe4 {
Rozentalis,E-Savchenko,S/URS-YM Tbilisi 1989/CBM 12/1/2-1/2 (73)}) (7. O-O
O-O-O 8. Be3 e5 9. c4 Qd6 10. dxe5 Qxd1 11. Rxd1 Rxd1+ 12. Bxd1 Nd7 13. Nc3
Bxf3 14. Bxf3 Ndxe5 15. Bd5 Nb4 16. Bf4 Ned3 17. Bg3 Nxd5 18. cxd5 h5 19. h4 g6
20. Rb1 Bg7 21. Ne4 Kd7 {
Heppekausen,J-Hogenacker,J/NRW-II 1995/GER 10/1/2-1/2 (49)}) 7... Qd7 8. d5 Nb8
$14 (8... Bxf3 $5 {should be considered} 9. Bxf3 Ne5 $11) 9. O-O g6 $16 (9...
Bf5 $5 $14 {should not be overlooked}) 10. Bf4 $14 (10. Ne5 $142 $5 Bxe2 11.
Nxd7 Bxd1 12. Nxf6+ exf6 13. Rxd1 $16) 10... Bg7 11. Nc3 a6 $16 {
Prevents intrusion on b5} (11... O-O $5 $14 {looks like a viable alternative})
12. Qd2 $14 (12. Na4 Qf5 13. Nb6 Qxf4 14. Nxa8 Nbd7 $16) 12... Bxf3 13. Bxf3 (
13. gxf3 $6 b6 $11) 13... O-O 14. Rfe1 Re8 15. Rad1 {White intends d6} Qd8 (
15... Ra7 16. Be5 $16) 16. d6 exd6 17. Qxd6 Rxe1+ 18. Rxe1 Qxd6 19. Bxd6 Nc6
20. Bxc5 Rc8 21. Be3 Nb4 22. Rd1 Nc6 23. b3 Re8 24. h3 h5 25. Nd5 Ne5 $2 $18 (
25... Nxd5 $142 $5 26. cxd5 Ne5 $18) 26. Nxf6+ Bxf6 27. Bxb7 a5 {
The passed pawn on c4 will become decisive later} 28. Bd5 Kg7 29. Kf1 (29. Bd2
{seems even better} a4 $18) 29... Be7 (29... g5 $18) 30. Bd4 (30. f4 $142 {
keeps an even firmer grip} Nd7 31. Bc6 Nf6 32. Bxe8 Nxe8 $18) 30... f6 31. f4 {
White fights for the Initiative} Nf7 32. Re1 Kf8 33. Re6 Nd8 34. Ra6 Bb4 (34...
Nf7 {hardly improves anything} 35. Rxa5 Nd6 36. Ra7 $18) 35. Rxf6+ Ke7 36. Rxg6
Rf8 37. Rg7+ Kd6 (37... Ke8 {the last chance for counterplay} 38. g3 h4 $18)
38. Be5+ Kc5 39. Rd7 Bd2 (39... Re8 {there is nothing better in the position}
40. Bd6+ Kb6 41. Bc7+ Ka6 42. Bxd8 Rf8 43. Bb7+ Ka7 44. Bc6+ Kb8 $18) 40. Bd6+
Kb6 41. Bxf8 Nc6 42. Bxc6 (42. c5+ Kb5 43. a3 a4 44. Rb7+ Ka6 45. Bxc6 Ba5 46.
Rb8 Bb6 47. Rxb6+ Ka7 48. Bd6 axb3 49. Bb8#) 42... Kxc6 43. Rxd2 (43. Rxd2 Kc7
44. Kf2 $18) 1-0

[Event "Norwood Centenary"]
[Site "Norwood"]
[Date "1990.04.14"]
[Round "2.7"]
[White "Thompson, Alan"]
[Black "McLean, John"]
[Result "1-0"]
[WhiteElo "1770"]
[BlackElo "1615"]
[PlyCount "73"]
[EventDate "1990.04.14"]
[EventType "swiss"]
[EventRounds "6"]
[EventCountry "AUS"]

1. e4 e6 2. d4 {French Defence} a6 3. c4 b5 4. cxb5 axb5 5. Bxb5 Bb7 6. Nc3 Bb4
7. Bd3 f5 8. f3 fxe4 9. fxe4 Bxc3+ 10. bxc3 Bxe4 11. Nf3 $4 $11 {
White has let it slip away} (11. Qh5+ g6 12. Qe5 Bxg2 13. Bg5 $16 (13. Qxh8 $6
Qh4+ 14. Ke2 Kf8 $18)) 11... Nf6 12. O-O {White gets strong initiative} Ra5 13.
Bxe4 Nxe4 14. Ne5 Nf6 (14... Nxc3 $2 {doesn't solve anything} 15. Qf3 Ne2+ 16.
Qxe2 $18) 15. Bg5 O-O 16. Qb3 c6 17. Rf2 Rb5 18. Qc4 Qb6 19. Raf1 Kh8 (19...
Rb2 20. Rxb2 Qxb2 21. Qd3 $16) 20. Bxf6 gxf6 21. Rxf6 $11 (21. Qe2 $142 Rb1 22.
Qh5 $18) 21... Rxf6 22. Rxf6 Rxe5 23. Rf8+ Kg7 24. Rxb8 Qxb8 $14 (24... Re1+ $5
{deserves consideration} 25. Kf2 Qxb8 26. Kxe1 Qxh2 $11) 25. dxe5 Qb6+ $16 (
25... Qxe5 $5 {is an interesting idea} 26. Qd4 Kf6 $11) 26. Kf1 Qe3 $18 (26...
Qb1+ $5 27. Ke2 Kg8 $16) 27. Qd4 Qc1+ 28. Kf2 Qc2+ (28... Kf8 29. a4 $16) 29.
Kg3 Kh8 30. a4 Qg6+ 31. Kf3 Qh5+ 32. Kg3 $4 $11 {a transit from better to worse
} (32. Qg4 $142 {a pity that White didn't try this} Qe8 33. g3 $18) 32... Qg6+
33. Qg4 Qd3+ 34. Kh4 Qxc3 35. Qf4 {The mate threat is Qf8} Qe1+ (35... Qc5 36.
Qf6+ Kg8 $18) 36. g3 (36. Kh5 $142 {secures the point} Qe2+ 37. Kh6 $18) 36...
Qe2 $4 {
Black has lost his nerve... understandable when you consider his position} (
36... Kg8 $142 $18) 37. Qf8# 1-0

[Event "Norwood Centenary"]
[Site "Norwood"]
[Date "1990.04.14"]
[Round "2.8"]
[White "Zaric, Srboljub"]
[Black "Walshe, D Bradley"]
[Result "1-0"]
[WhiteElo "2180"]
[BlackElo "1560"]
[PlyCount "69"]
[EventDate "1990.04.14"]
[EventType "swiss"]
[EventRounds "6"]
[EventCountry "AUS"]

1. e4 c5 2. Nf3 Nc6 3. d4 cxd4 4. Nxd4 g6 5. Nc3 Bg7 6. Be3 Nf6 7. Bc4 O-O 8.
Bb3 Ng4 9. Qxg4 Nxd4 {Sicilian Defence [Accelerated Dragon]} 10. Qd1 Ne6 (10...
Nc6 11. f4 d6 12. O-O Be6 13. Nd5 Qd7 14. Qd2 Kh8 15. Nc3 f5 16. Rae1 Rad8 17.
Ba4 Bc4 18. Rf2 fxe4 19. Nxe4 Qf5 20. Bxc6 bxc6 21. Bd4 Bd5 22. Bxg7+ Kxg7 23.
Ng3 Qf6 24. b3 Kh8 25. c4 {
Luzikov,V-Petukhov,V/Vladivostok op 1995/EXP 46/1-0 (41)}) 11. Qd2 b6 $146 {
Secures c5} (11... d6 12. O-O-O (12. h4 Bd7 13. h5 Qa5 14. hxg6 hxg6 15. Nd5
Qxd2+ 16. Kxd2 Rfe8 17. c3 b6 18. Rh4 Rac8 19. Rah1 Nc7 20. Bg5 Nxd5 21. exd5
b5 22. Re1 f6 23. Be3 a5 24. Bc2 g5 25. Rhh1 Kf7 26. Bb6 a4 27. Bd4 Rh8 28. Bd3
g4 29. Rxh8 Rxh8 30. g3 Rh5 31. c4 Bh6+ 32. Kc2 bxc4 33. Bxc4 Bg5 34. Kc3 Rh8
35. Be3 Bxe3 36. Rxe3 Rc8 37. Kd4 f5 38. b4 axb3 39. axb3 Rb8 40. Re2 Kf6 41.
Rb2 Rb4 42. Kc3 Rb7 43. b4 e5 44. dxe6 Bxe6 45. Kd4 Bd7 46. b5 Rb6 {
Tiviakov,S-Apicella,M/Clichy op 1991/TD 91\02/1-0 (77)}) (12. Bh6 Re8 13. Bxg7
Nxg7 14. O-O Be6 15. f4 Qa5 16. Rae1 Rac8 17. Re3 Rc5 18. Qf2 Qc7 19. Rg3 Bxb3
20. axb3 e6 21. Rd3 a6 22. Rfd1 Rc6 23. Qd2 b5 24. Rxd6 b4 25. Rxc6 Qxc6 26.
Na4 Qxe4 {Bezgodov,A-Berkovich,D/Ufa 1993/EXP 37/1-0 (50)}) 12... b6 13. h4 Nc5
14. f3 Be6 15. h5 Bxb3 16. axb3 Ne6 17. Rh3 Qc8 18. Kb1 Re8 19. hxg6 hxg6 20.
Rdh1 Qc6 21. Nd5 f6 22. g4 Rac8 23. f4 Nf8 24. Bd4 e5 25. Bc3 Ne6 26. f5 {
Thesing,M-Jovic,L/Dortmund-C 1989/TD 89\05/1-0 (37)}) 12. Bh6 Bb7 13. Bxg7 Kxg7
14. h4 h5 15. O-O-O d6 $16 (15... Nc5 16. g4 Rh8 17. Bd5 Bxd5 18. exd5 $14) 16.
f4 $14 (16. g4 Rh8 $16) 16... Rc8 $16 (16... Nc5 17. Bd5 Bxd5 18. Nxd5 Nxe4 19.
Qd4+ Nf6 20. g4 hxg4 21. h5 $15) 17. f5 $11 (17. Bxe6 $5 fxe6 18. g4 $16) 17...
Nc5 18. Qd4+ f6 19. g4 $11 (19. Rhg1 $5 $14) 19... gxf5 20. gxf5 Nxb3+ 21. axb3
Kf7 22. Rdg1 Qc7 23. Qd1 {Threatening mate: Qxh5} Rh8 24. Rh3 Rh7 25. Rhg3 Rch8
$14 (25... Qc5 26. Qf3 $11) 26. Nd5 Qc5 27. Rc3 Qa5 28. Kb1 Rc8 $4 $18 (28...
Bxd5 $142 {would bring relief} 29. exd5 Qb5 $16) 29. Rcg3 $16 (29. Rxc8 $142 {
and White has prevailed} Bxc8 30. Qf3 $18) 29... Rch8 30. b4 $14 (30. Nxe7 Bxe4
(30... Kxe7 $4 31. Rg7+ Rxg7 32. Rxg7+ Ke8 33. Rxb7 $18) 31. Qxd6 Bxc2+ 32.
Kxc2 Qc5+ 33. Qxc5 bxc5 $18) 30... Qb5 31. Qd4 $14 (31. Nxe7 Qxb4 (31... Kxe7
32. Rg7+ Rxg7 33. Rxg7+ Kf8 34. Rxb7 Qxb4 35. Rb8+ Ke7 36. Rxh8 $18) 32. Nd5
Qxe4 33. Nxf6 Qf4 (33... Kxf6 $4 34. Qxd6+ Kf7 35. Qc7+ Kf8 36. Rg7 Rxg7 37.
Qxg7+ Ke8 38. Qxh8+ Kd7 39. f6 $18) 34. Nxh7 Rxh7 $18) 31... Bxd5 32. exd5 (32.
Qxd5+ Qxd5 33. exd5 a5 $16) 32... Rc8 $4 $18 {leads to further unpleasantness}
(32... Qe2 $142 33. Re3 Qh2 $16) 33. Qe4 {Do you see the mate threat?} Rf8 34.
Qe6+ Ke8 35. Rc3 {Threatening mate... how?} (35. Rc3 Qd7 36. Rc8+ Qxc8 37.
Qxc8+ Kf7 38. Qe6+ Ke8 39. Rg3 Rfh8 40. Rc3 Kf8 41. Rc8+ Kg7 42. Qxe7+ Kh6 43.
Qxf6#) 1-0

[Event "Norwood Centenary"]
[Site "Norwood"]
[Date "1990.04.14"]
[Round "2.9"]
[White "Freytag, Justin"]
[Black "Coleman, Edwin"]
[Result "1-0"]
[WhiteElo "1905"]
[BlackElo "1610"]
[PlyCount "82"]
[EventDate "1990.04.14"]
[EventType "swiss"]
[EventRounds "6"]
[EventCountry "AUS"]

1. d4 Nf6 2. c4 c5 3. d5 b5 4. cxb5 a6 5. Nc3 g6 6. e4 d6 7. Nf3 Bg7 8. bxa6 {
Benko Gambit} Qa5 $146 (8... O-O 9. Qc2 (9. Be2 Nxa6 10. O-O e6 (10... Bb7 11.
Bf4 Qb6 12. Nd2 Nd7 13. Nc4 Qd8 14. Qd2 Nc7 15. Bh6 Ba6 16. Bxg7 Kxg7 17. Ne3
Qb8 18. Rfc1 Qb4 19. Nc2 Qa5 20. a3 Bxe2 21. Qxe2 Qb6 22. b4 Ne5 23. b5 f5 24.
exf5 Rxf5 25. Ne3 {Staniszewski,P-Kurr,G/NRW-I 1992/TD 92\01/1-0 (70)}) 11.
dxe6 Bxe6 12. Ng5 Nb4 13. Be3 Qe7 14. a3 Nc6 15. Nxe6 fxe6 16. Bb5 Ne5 17. h3
Rfd8 18. f4 Ned7 19. a4 Nb8 20. Qf3 Na6 21. e5 dxe5 22. fxe5 Nd5 23. Nxd5 exd5
24. Bc6 Nb4 25. Bxa8 Rxa8 26. Rac1 Rc8 27. Qg4 Qe8 28. Rxc5 Rxc5 29. Bxc5 Nd3
30. Qd4 Nxe5 31. Qxd5+ Kh8 32. Bd4 {
1-0 Mecking,H-Martos Exposito,M/Linares op 1995/EXP 45 (32)}) 9... Nbd7 10. Be2
Bxa6 11. O-O Qb6 12. a4 Bxe2 13. Qxe2 Ng4 14. Nd2 Nge5 15. Kh1 c4 16. Nxc4 Nxc4
17. Qxc4 Qa6 18. Qxa6 Rxa6 19. Be3 Rfa8 20. Rfc1 Ne5 21. Nb5 Nd3 22. Nc7 Nxc1
23. Rxc1 {De Lagontrie,J-Scarwell,S/Val Maubuee op 1990/EXT 90op2/1/2-1/2 (37)}
) (8... Bxa6 9. Bxa6 Nxa6 10. O-O O-O 11. Qe2 Nd7 12. Bf4 Nb6 13. Rad1 Bxc3 14.
bxc3 Na4 15. Qe3 Qa5 16. Rc1 Nb6 17. Rc2 Rfb8 18. Ng5 Nd7 19. Qh3 Nf8 20. Bc1
Qa4 21. Re2 Rb1 22. e5 Qc4 23. Qf3 f6 24. exf6 exf6 25. Re7 f5 26. Qh3 h5 27.
Ne6 Qxd5 28. Qg3 Qe5 29. Rg7+ Kh8 30. Qg5 {
1-0 Hammes,M-Pfeiffer,M/RLPF-chJ U17 1991/GER 05 (30)}) 9. Bb5+ Bd7 10. Bd3 $14
(10. Bxd7+ Nbxd7 11. O-O O-O $16) 10... Nxa6 11. O-O O-O 12. Nd2 Rfb8 13. a3
Ng4 14. Nc4 Qd8 15. Bg5 h6 16. Bf4 Nc7 17. Qd2 g5 18. Bg3 Nb5 19. h3 Nxc3 20.
hxg4 $14 (20. bxc3 $142 $5 Nf6 21. Rfb1 $16) 20... Na4 {
Increases the pressure on the backward pawn} 21. Rab1 {White prepares e5} Rb3
22. e5 Bb5 23. Qc2 Bxc4 24. Qxc4 $15 (24. Bxc4 $142 Rb7 25. Bb3 $14) 24... Rxb2
25. Qe4 Rxb1 26. Qh7+ Kf8 27. Rxb1 dxe5 28. Bc4 Nb6 $11 (28... Qd6 $142 $5 $17)
29. Bxe5 {The mate threat is Qxg7} Bxe5 30. Qxh6+ Bg7 31. Qxb6 Qxb6 {
Threatening mate... how?} 32. Rxb6 Bd4 33. Rb3 Ke8 34. a4 Kd8 35. Bb5 Kc7 36.
Kf1 Kd6 37. Bc6 Ra7 38. Rb8 e6 39. Rd8+ Kc7 40. Rd7+ Kb6 41. Rxa7 Kxa7 1-0